000 00372 a2200121 4500
001 ART_45800
005 20260410161925.0
008 260409a
245 1 0 _aWhy is capital so immobile internationally?
100 1 _aGordon, Roger H.
700 1 _aBovenberg, A. Lans
773 0 _tThe American Economic Review
_g- Vol. 86, NÂș 5 (dic. 1996)
_wREV16190
999 _c28053
_d28053